000 00837nam a22002417a 4500
005 20170124110040.0
010 _aA-679783
020 _c00.00
_a0195633911
035 _aA-679783
037 _bCen Lib/ Ret
040 _aDPL
_bEN
082 _a841
_bKHU
100 _aKhurshidul Islam
_9102301
245 _aThree mughal poets :
_cby Khurshidul Islam [and] Ralph Russell
_bmir, sauda, mir hasan /
260 _aNew Delhi
_bOxford University Press
_c1994
270 _aYMCA building, jai singh road
_bNew Delhi
_e110001
300 _axiv, 290p.
_c21cm(Hb)
500 _aIncludes appendix, glossary, bibliographical references and index
650 _aSaudā, Mirzā Muḥammad Rafiʻ, 1713-1781
_9102302
650 _aUrdu poetry
_9102303
700 _aRussell, Ralph
_923606
942 _2ddc
_cEN
_h841
_mKHU
999 _c128501
_d128501